Ideologia y estrategia politica de ETA (Record no. 6755)

MARC details
000 -LEADER
campo de control de longitud fija 00779nam a2200253 i 4500
001 - NÚMERO DE CONTROL
campo de control 6755
003 - IDENTIFICADOR DE NÚMERO DE CONTROL
campo de control ES-MaACL
005 - FECHA Y HORA DE LA ÚLTIMA TRANSACCIÓN
campo de control 20230906145059.0
007 - CAMPO FIJO DE DESCRIPCIÓN FÍSICA--INFORMACIÓN GENERAL
campo de control de longitud fija t|
008 - DATOS DE LONGITUD FIJA--INFORMACIÓN GENERAL
campo de control de longitud fija 900316s1985 sp ||||1| spa d
020 ## - NÚMERO INTERNACIONAL ESTÁNDAR DEL LIBRO
Número Internacional Estándar del Libro 84-323-0399-2
080 ## - NÚMERO DE LA CLASIFICACIÓN DECIMAL UNIVERSAL
Número de la Clasificación Decimal Universal 323.173(466)
080 ## - NÚMERO DE LA CLASIFICACIÓN DECIMAL UNIVERSAL
Número de la Clasificación Decimal Universal 323.283(466)"1959/1968"
100 1# - ENTRADA PRINCIPAL--NOMBRE DE PERSONA
Nombre de persona Jáuregui Bereciartu, Gurutz.
9 (RLIN) 66192
245 10 - MENCIÓN DEL TÍTULO
Título Ideologia y estrategia politica de ETA
Resto del título : analisis de su evolucion entre 1959 y 1968 /
Mención de responsabilidad, etc. por Gurutz Jauregui Bereciartu.
250 ## - MENCION DE EDICION
Mención de edición 2a ed.
260 ## - PUBLICACIÓN, DISTRIBUCIÓN, ETC.
Lugar de publicación, distribución, etc. Madrid :
Nombre del editor, distribuidor, etc. Siglo XXI,
Fecha de publicación, distribución, etc. 1985.
300 ## - DESCRIPCIÓN FÍSICA
Extensión 491 p. ;
Dimensiones 21 cm.
500 ## - NOTA GENERAL
Nota general Indice.
504 ## - NOTA DE BIBLIOGRAFÍA, ETC.
Nota de bibliografía, etc. Bibliogr.: p. 475-486.
610 2# - PUNTO DE ACCESO ADICIONAL DE MATERIA--NOMBRE DE ENTIDAD CORPORATIVA
Nombre de entidad corporativa o nombre de jurisdicción como elemento de entrada ETA.
9 (RLIN) 4042
650 #4 - PUNTO DE ACCESO ADICIONAL DE MATERIA--TÉRMINO DE MATERIA
Término de materia o nombre geográfico como elemento de entrada Nacionalismo-
Subdivisión geográfica País Vasco.
9 (RLIN) 15458
852 ## - LOCALIZACIÓN
Ubicación ES-MaACL
Número de control de estantería L-13966
Sublocalización o colección R.117565
Nota libre . - rust.
Holdings
Estatus retirado Estado de pérdida Estado de daño No para préstamo Biblioteca de origen Biblioteca actual Ubicación en estantería Fecha de adquisición Fuente de adquisición Total de préstamos Signatura topográfica completa Código de barras Visto por última vez Precio de reemplazo Tipo de ítem Koha
        Biblioteca del Ateneo de Madrid Biblioteca del Ateneo de Madrid Depósito 2 17/01/2008     L-13966 1006882 23/02/2023 23/02/2023 Libro impreso